|
|
|
|
| LEADER |
02078nam a2200349 a 4500 |
| 001 |
37390 |
| 003 |
BD-DhAAL |
| 005 |
20210204151746.0 |
| 008 |
040221s2016 cau b 001 0 eng d |
| 999 |
|
|
|c 41990
|d 41990
|
| 010 |
|
|
|a 2014040901
|
| 020 |
|
|
|a 9781452271002 (pbk. : alk. paper)
|
| 040 |
|
|
|a DLC
|b eng
|c DLC
|e rda
|d DLC
|d BD-DhAAL
|
| 042 |
|
|
|a pcc
|
| 050 |
0 |
0 |
|a H62
|b .M277 2016
|
| 082 |
0 |
0 |
|a 001.42
|2 23
|
| 100 |
1 |
|
|a Marshall, Catherine,
|d 1946-
|9 40867
|
| 245 |
1 |
0 |
|a Designing qualitative research /
|c Catherine Marshall, University of North Carolina at Chapel Hill, Gretchen B. Rossman, University of Massachusetts Amherst.
|
| 250 |
|
|
|a Sixth edition.
|
| 260 |
|
|
|a Los Angeles, California :
|b SAGE,
|c c2016.
|
| 300 |
|
|
|a xxii, 323 pages :
|b ill. ;
|c 23 cm
|
| 504 |
|
|
|a Includes bibliographical references (pages 287-300) and index.
|
| 505 |
0 |
|
|a Introduction -- Qualitative research genres -- Trustworthiness and ethics -- The what of the study : building the conceptual framework -- The how of the study : building the research design -- Basic data collection methods -- Specialized and focused data collection methods -- Managing, analyzing, and interpreting data -- Stressors : time, resources, and politics -- Revisiting proposal as argument and forecasting final representations.
|
| 526 |
|
|
|a IED
|
| 541 |
|
|
|a Hye Trade International
|e 37390, 37391
|
| 650 |
|
0 |
|a Social sciences
|x Research
|x Methodology.
|9 40868
|
| 650 |
|
0 |
|a Qualitative research.
|9 40869
|
| 700 |
1 |
|
|a Rossman, Gretchen B.
|9 40870
|
| 852 |
|
|
|a Ayesha Abed Library
|c General Stacks
|
| 942 |
|
|
|2 ddc
|c BK
|
| 952 |
|
|
|0 0
|1 0
|2 ddc
|4 0
|6 001_420000000000000_MAR
|7 0
|9 69155
|a BRACUL
|b BRACUL
|c GEN
|d 2020-12-08
|e Hye Trade International
|g 6299.00
|l 1
|m 2
|o 001.42 MAR
|p 3010037390
|r 2022-08-16
|s 2022-07-25
|t 1
|v 6299.00
|w 2020-12-08
|y BK
|x Received during COVID-19 pandemic
|
| 952 |
|
|
|0 0
|1 0
|2 ddc
|4 0
|6 001_420000000000000_MAR
|7 0
|9 69156
|a BRACUL
|b BRACUL
|c GEN
|d 2020-12-08
|e Hye Trade International
|g 6299.00
|l 2
|m 18
|o 001.42 MAR
|p 3010037391
|r 2025-11-23
|s 2025-08-22
|t 2
|v 6299.00
|w 2020-12-08
|y BK
|x Received during COVID-19 pandemic
|